All Whistler-Blackcomb lifts - Statistics

General Stats
  • This quiz has been taken 15 times
  • The average score is 11 of 21
Answer Stats
Hours of Operation Name Type % Correct
9:30-3:00 Peak Express
82%
9:00-4:00 Peak 2 Peak Gondola
73%
8:30-4:00 Whistler Village Gondola
73%
8:30-4:00 Big Red Express
64%
8:30-4:00 Creekside Gondola
64%
8:30-4:00 Jersey Cream Express
64%
8:30-4:00 Catskinner Express
55%
8:30-4:00 Emerald Express
55%
9:30-3:00 Glacier Express
55%
9:30-3:00 7th Heaven Express
45%
8:30-4:00 Blackcomb Gondola
45%
8:30-6/4:00 Excalibur Gondola
45%
8:30-1:00 Fitzsimmons Express
45%
8:30-4:15 Garbanzo Express
45%
9:30-3:00 Harmony Express
45%
10:00-2:30 Symphony Express
45%
9:00-3:30 Crystal Ridge Express
36%
8:30-4:00 Excelerator Express
36%
9:30-2:45 Showcase T-bar
36%
9:30-3:00 T-bar T-bar
36%
9:00-4:00 Olympic Chair
27%
No matching quizzes found
Score Distribution
Percent of People with Each Score
Percentile by Number Answered
Your Score History
You have not taken this quiz